Comparative biochemistry of arginine and derivatives /

Saved in:
Bibliographic Details
Corporate Author: Ciba Foundation
Other Authors: Cameron, Margaret P., Wolstenholme, G. E. W. (Gordon Ethelbert Ward), Roche, Jean
Format: Book
Language:English
Published: Lond. : Churchill, 1965.
Series:Ciba Foundation Study Group (Series) ; no.19
Subjects:
LEADER 00885nam a22002171 4500
001 c000054580
003 CARM
005 00000000000000.0
008 s1965 enk 0 eng d
110 2 0 |a Ciba Foundation. 
245 1 0 |a Comparative biochemistry of arginine and derivatives /  |c in honour of Professor J.Roche. Ed. by G.E.W.Wolstenholme and M.P.Cameron. 
260 |a Lond. :  |b Churchill,  |c 1965. 
440 0 |a Ciba Foundation Study Group (Series) ;  |v no.19 
650 0 |a Arginine biochemistry. 
700 1 |a Cameron, Margaret P. 
700 1 |a Wolstenholme, G. E. W.  |q (Gordon Ethelbert Ward) 
700 1 |a Roche, Jean. 
852 8 |b CARM  |h A2:AB04G0  |i A00004  |p 0003840  |f BK 
082 0 4 |a 574.19277 
999 f f |i bc05ec71-5d63-56a7-8adb-84fb106efea4  |s ce2578f4-5869-5405-ba82-4052544d3f69 
952 f f |p Can circulate  |a CAVAL  |b CAVAL  |c CAVAL  |d CARM 1 Store  |e A00004  |f A2:AB04G0  |h Other scheme  |i book  |m 0003840